000 00369cam a2200169ua 4500
020 _c2.50
041 _amal
_h
082 _a894.812301
_bKOV/OR
100 _aKovilan, .
245 _aOru kashnam asthi /
_cKovilan.
_hTextual Documents
250 _a1 /
_b.
300 _a200 ; .
365 _a2.50
504 _a
942 _cBK
999 _c12616
_d12616